| 000 | 00362nam a22001337a 4500 | ||
|---|---|---|---|
| 020 | _a9783030077037 | ||
| 040 | _cNUST | ||
| 082 | _a629.222 LUG | ||
| 100 |
_aLugner, Peter _998907 |
||
| 245 | _aVehicle Dynamics of Modern Passenger Cars | ||
| 260 |
_aSwitzerland: _bSpringer, _c2019. |
||
| 650 |
_aVehicle Dynamics of Cars.NUSTTB2022 _9102812 |
||
| 942 |
_2ddc _cBK |
||
| 999 |
_c591407 _d591407 |
||